LEADER 02524oam 2200529I 450 001 9910705196503321 005 20140210080115.0 035 $a(CKB)5470000002447387 035 $a(OCoLC)868982968 035 $a(EXLCZ)995470000002447387 100 $a20140124d1992 ua 0 101 0 $aeng 135 $aurmn||||||||| 181 $2rdacontent 182 $2rdamedia 183 $2rdacarrier 200 10$aTransporting Alberta oil sands products $edefining the issues and assessing the risks /$fShanese Crosby [and seven others] 210 1$aSeattle, Washington :$cDepartment of Commerce, National Oceanic and Atmospheric Administration, National Ocean Service, Office of Response and Restoration,$d2013. 215 $a1 online resource (152 pages) $ccolor illustrations, color maps 225 1 $aNOAA technical memorandum NOS OR&R ;$v44 300 $a"September 2013." 320 $aIncludes bibliographical references (pages 134-152). 517 $aTransporting Alberta oil sands products 606 $aOil sands$xTransportation$xEnvironmental aspects$zAlberta$xForecasting 606 $aOil spills$xEnvironmental aspects$zAlberta$xForecasting 606 $aOil spills$xEnvironmental aspects$zUnited States$xForecasting 606 $aHazardous substances$xTransportation$xEnvironmental aspects$zAlberta$xSimulation methods 606 $aHazardous substances$xTransportation$xEnvironmental aspects$zUnited States$xSimulation methods 606 $aHazardous substances$xTransportation$xEnvironmental aspects$zUnited States$xPlanning 606 $aEnvironmental risk assessment$xSimulation methods 615 0$aOil sands$xTransportation$xEnvironmental aspects$xForecasting. 615 0$aOil spills$xEnvironmental aspects$xForecasting. 615 0$aOil spills$xEnvironmental aspects$xForecasting. 615 0$aHazardous substances$xTransportation$xEnvironmental aspects$xSimulation methods. 615 0$aHazardous substances$xTransportation$xEnvironmental aspects$xSimulation methods. 615 0$aHazardous substances$xTransportation$xEnvironmental aspects$xPlanning. 615 0$aEnvironmental risk assessment$xSimulation methods. 700 $aCrosby$b Shanese$01420641 712 02$aUnited States.$bNational Ocean Service.$bOffice of Response and Restoration, 801 0$bOLA 801 1$bOLA 801 2$bOLA 801 2$bGPO 906 $aBOOK 912 $a9910705196503321 996 $aTransporting Alberta oil sands products$93539251 997 $aUNINA